00785cam a2200229 i 45000010009000000050017000090080041000260100017000670200030000840400008001140820012001221000020001342450130001542640046002843000047003304900040003775040052004176500026004696500021004957000021005167000018005371853489420191022181841.0150320s2015 nyua b 001 0 eng  a 2015010472 a9781634825443 (hardcover) cDLC00a621.317 aChoi, Seung-Bok00aSmart materials actuators :brecent advances in characterization and applications /cSeung-Bok Choi and Jaewhan Kim, editors. 1aNew York, USA :bNova Publishers,c[2015] aviii, 309 pages :billustrations ;c26 cm.0 aElectrical engineering developments aIncludes bibliographical references and index. 0aActuatorsxMaterials. 0aSmart materials.1 aChoi, Seung-Bok.1 aKim, Jaewhan.